| 000 | 00805cam a22002412 4500 | ||
|---|---|---|---|
| 001 | 0000003446 | ||
| 005 | 20151217151925.0 | ||
| 008 | 070507s xx 000 0 eng d | ||
| 020 |
_a155963474X : _cKES GBP 24.95 |
||
| 040 |
_aKABU _cKABU |
||
| 050 | 0 |
_aKF3775 _b.B83 1996 |
|
| 100 | 1 |
_aBuck, Susan J. _@0000153382 |
|
| 245 | 1 | 0 |
_aUnderstanding environmental administration and law / _cSusan J. Buck. |
| 250 | _a2nd ed. | ||
| 260 |
_aWashington, DC : _bIsland Press, _cc1996. |
||
| 300 |
_axiv, 225 p. ; _c23 cm. |
||
| 504 | _aIncludes bibliographical references and index. | ||
| 650 | 0 |
_aEnvironmental law _zUnited States. _@0000153383 |
|
| 650 | 0 |
_aEnvironmental policy _zUnited States. _@0000150349 |
|
| 908 | _a070507 | ||
| 950 | _@1 | ||
| 999 |
_c6410 _d6410 |
||